Eurovision Song Lyrics - Netherlands - Statistics

General Stats
  • This quiz has been taken 16 times
  • The average score is 193 of 278
Answer Stats
Answer % Correct
de
93%
da
87%
diep
87%
diepte
87%
En
87%
en
87%
aah
80%
het
80%
je
80%
Ken
80%
Oh
80%
al
73%
dat
73%
Dat
73%
een
73%
ik
73%
Ik
73%
in
73%
Jij
73%
jij
73%
Nee
73%
nee
73%
niet
73%
zo
73%
altijd
67%
moet
67%
naam
67%
wat
67%
wel
67%
blijft
60%
droom
60%
gaan
60%
gevoel
60%
hoor
60%
jou
60%
Jou
60%
maar
60%
Maar
60%
me
60%
steeds
60%
Ta
60%
uitkomt
60%
weer
60%
wil
60%
bang
53%
Ben
53%
Hier
53%
laten
53%
mijn
53%
onder
53%
Ooh
53%
ooh
53%
ook
53%
zit
53%
zou
53%
anders
47%
doet
47%
heel
47%
is
47%
kind
47%
lief
47%
lijk
47%
nou
47%
samen
47%
schuil
47%
tafel
47%
toch
47%
zie
47%
zijn
47%
avond
40%
dagen
40%
genoeg
40%
(Genoeg)
40%
God
40%
hoop
40%
vindt
40%
voor
40%
wacht
40%
Wanneer
40%
weet
40%
weleens
40%
alle
33%
bijt
33%
geen
33%
op
33%
regent
33%
tanden
33%
Want
33%
hand
27%
ogen
27%
No matching quizzes found
Score Distribution
Percent of People with Each Score
Percentile by Number Answered
Your Score History
You have not taken this quiz